000 00428nam a2200193Ia 4500
005 20250425160903.0
008 250425s9999 xx 000 0 und d
020 _a007065591X
041 _aeng
082 _a621.3192
100 _aTUTTLE, DAVID F.
245 0 _aCIRCUITS
250 _aS.E.
260 _aEstados Unidos
_bMCGRAW - HILL
_c1977
260 _aNEW YORK
300 _a820
942 _c01
010 _a7615
999 _c198176
_d198176